| 000 | 01058nam0a2200289 4500 | ||
|---|---|---|---|
| 001 | RU\NLR\BIBL_A\022471491 | ||
| 005 | 20250627140024.0 | ||
| 010 |
_a5-7605-0225-5 _91000 |
||
| 021 |
_aRU _b97-21799 |
||
| 035 | _a(NLR Aleph) 022471491 | ||
| 090 |
_a13369774 _c13369774 |
||
| 100 | _a20250226d1996 |||y0rusy50 ca | ||
| 101 | 0 | _arus | |
| 102 | _aRU | ||
| 105 | _aac z 000gy | ||
| 181 | 0 |
_ai _baxxe |
|
| 182 | 0 | _an | |
| 200 | 1 |
_aЧистые четверги _eстихотворения и поэмы _fВасилий Макеев |
|
| 203 |
_aТекст _bвизуальный _cнепосредственный |
||
| 210 |
_aВолгоград _cКомитет по печати Администрации Волгоградской области _d1996 |
||
| 215 |
_a463 с. _cил., портр. _d20 |
||
| 686 | 1 | _aШ6(2=Р)75-5 | |
| 700 | 1 |
_7ca _8rus _aМакеев _bВ. С. _f1948- _gВасилий Степанович _9250603 _3RU\NLR\AUTH\770250659 |
|
| 852 |
_aNLR _j97-3/6889 |
||
| 942 | _cBOOK | ||
| 980 | _aNB | ||